MARC

Tag First Indicator Second Indicator Subfields
LEADER 00000cam a2200000 a 4500
001 in00000003902
008 980327s1998 mdu bs f000 0 eng d
005 20230309222525.9
010 |a  98136328  
020 |a 0160494680 
035 |a (OCoLC)38861992 
035 |9 AJH6973AM 
035 |a in00000003902 
037 |a 017-022-01407-6  |b GPO 
040 |a HMF  |d HMF  |d TWK  |d IXA  |d GPO  |d GZM  |d OCL  |d GPO  |d DLC  |d MvI  |d UtOrBLW 
042 |a lccopycat 
043 |a n-us--- 
049 |a UDOC  |a UDOC 
050 0 0 |a RA407.3  |b .A349 no. 135  |a RD110 
074 |a 0500-E 
074 |a 0500-E (online) 
082 0 0 |a 362.1/0973/021 s  |a 617/.024/0973021  |2 21 
086 0 |a HE 20.6209:13/135 
096 |a WA 900  |b V83h ser.13 no.135 
100 1 |a Kozak, Lola Jean. 
245 1 0 |a Ambulatory and inpatient procedures in the United States, 1995. 
264 1 |a Hyattsville, Md. :  |b U.S. Dept. of Health and Human Services, Centers for Disease Control and Prevention, National Center for Health Statistics,  |c 1998. 
300 |a iv, 116 pages :  |b illustrations ;  |c 28 cm. 
336 |a text  |b txt  |2 rdacontent 
337 |a unmediated  |b n  |2 rdamedia 
338 |a volume  |b nc  |2 rdacarrier 
490 1 |a DHHS publication ;  |v no. (PHS) 98-1796 
490 1 |a Vital and health statistics. Series 13, Data from the National Health Survey ;  |v no. 135 
500 |a "By Lola Jean Kozak and Maria F. Owings"--P. 1. 
500 |a "March, 1998." 
504 |a Includes bibliographical references (pages 12-13). 
530 |a Also available via Internet from the NCHS web site (PDF file only). 
650 0 |a Ambulatory surgery  |z United States  |x Statistics. 
650 0 |a Hospitals  |x Outpatient services  |z United States  |x Statistics. 
650 2 |a Surgical Procedures, Operative  |z United States  |v statistics. 
650 2 |a Ambulatory Care  |z United States  |v statistics. 
650 2 |a Hospitalization  |z United States  |v statistics. 
650 2 |a Patient Discharge  |z United States  |v statistics. 
700 1 |a Owings, Maria. 
710 2 |a National Center for Health Statistics (U.S.) 
830 0 |a DHHS publication ;  |v no. (PHS) 98-1796. 
830 0 |a Vital and health statistics.  |n Series 13,  |p Data from the National Health Survey ;  |v no. 135. 
856 4 1 |u https://purl.fdlp.gov/GPO/LPS531  |t 0 
999 |a MARS 
999 f f |i b511d2d8-82fe-3121-a72e-1fabd80b523b  |s 637e37ce-1db9-3790-95cb-fb31ab67835c  |t 0 
952 f f |a Texas A&M University  |b College Station  |c Electronic Resources  |d Available Online  |t 0  |e HE 20.6209:13/135  |h Superintendent of Documents classification 
998 f f |a HE 20.6209:13/135  |t 0  |l Available Online